Widok standardowy
Widok MARC
Pozycja Personal Name
Liczba rekordów, w których użyto hasła: 1
001 - Numer kontrolny
- control field: 41022
003 - Identyfikator numeru kontrolnego
- control field: NUKAT
005 - Data i czas ostatniej modyfikacji
- control field: 20260430125241.0
008 - Dane kontrolne kodowane (40 znaków)
- fixed length control field: 170105n||a|znnaabn |a aaa |c
010 ## - Numer kontrolny Biblioteki Kongresu
- numer kontrolny LC: n 2017000284
024 7# - OTHER STANDARD IDENTIFIER
- Standard number or code: 136148704037636930544
- Source of number or code: viaf
024 7# - OTHER STANDARD IDENTIFIER
- Standard number or code: 0000000498917481
- Source of number or code: isni
040 ## - Instytucja sporządzająca rekord
- inst. przygot. dane do rek. khw: KR U/ANT
- język haseł przedmiotowych/tezaurus: kaba
- inst. wprow. rek. khw: KR U/ANT
046 ## - Special dates
- Birth date: 1990
100 1# - Hasło - nazwa osobowa
- nazwa osobowa w formie ujednoliconej: Łagojda, Krzysztof
- daty biograficzne: (1990- ).
670 ## - Źródło informacji
- źródło informacji: BNPol online
670 ## - Źródło informacji
- źródło informacji: Życie w cieniu śmierci / Krzysztof Łagojda. - Wrocław, 2016.